Library Banner

Islam: beliefs and observances/ (Record no. 100690)

MARC details
000 -LEADER
fixed length control field 00429nam a22001697a 4500
005 - DATE AND TIME OF LATEST TRANSACTION
control field 20171211150912.0
008 - FIXED-LENGTH DATA ELEMENTS--GENERAL INFORMATION
fixed length control field 171211b xxu||||| |||| 00| 0 eng d
020 ## - INTERNATIONAL STANDARD BOOK NUMBER
International Standard Book Number 0812037995
040 ## - CATALOGING SOURCE
Transcribing agency PK-LaUMT
082 ## - DEWEY DECIMAL CLASSIFICATION NUMBER
Classification number PKAC 297
Item number FAR-I
100 ## - MAIN ENTRY--PERSONAL NAME
Personal name Farah , Caesar E.
245 ## - TITLE STATEMENT
Title Islam: beliefs and observances/
Statement of responsibility, etc Caesar E. Farah
250 ## - EDITION STATEMENT
Edition statement 4th
260 ## - PUBLICATION, DISTRIBUTION, ETC. (IMPRINT)
Place of publication, distribution, etc Hauppaugh,
Name of publisher, distributor, etc Barron's
Date of publication, distribution, etc 1987
300 ## - PHYSICAL DESCRIPTION
Extent 351 p.
942 ## - ADDED ENTRY ELEMENTS (KOHA)
Koha item type Books
Holdings
Withdrawn status Lost status Damaged status Home library Current library Date acquired Full call number Barcode Date last seen Price effective from Koha item type
      UMT Main Campus UMT Main Campus 2017-12-11 PKAC 297 FAR-I 116504 2017-12-11 2017-12-11 Books